| 000 | 00684nam a22002177a 4500 | ||
|---|---|---|---|
| 999 |
_c14021 _d14021 |
||
| 003 | AR-CdUCM | ||
| 008 | 190417b ||||| |||| 00| 0 spa d | ||
| 040 |
_aMUNICIPALIDAD PROVINCIAL DEL CUSCO _cBIBLIOTECA MUNICIPAL DEL CUSCO |
||
| 041 | _heng | ||
| 082 |
_aPI / 808.899 / _bB82 |
||
| 100 |
_aBreen, Michelle _932683 |
||
| 245 | _aLa sirena encantada / | ||
| 260 |
_aMéxico : _bSilver Dolphin, _c2014. |
||
| 300 |
_bilustraciones, _c22 cm. |
||
| 500 | _aSilver Dolphin en español. | ||
| 650 |
_aCuento Infantil _94581 |
||
| 650 |
_aLiteratura infantil _9588 |
||
| 700 |
_aCaballero del Moral, Samanta (traducción) _932684 |
||
| 942 |
_2ddc _cLIBROS |
||
| 945 |
_aachl _d2019-04-17 |
||